000 00675cam a2200265 4500
008 090401t1998 xxu||||| |||| 00| 0 eng d
020 _a072772715X
035 _a(Sirsi) u89376
041 _aeng
050 _a692.8
110 _aAssociation Of Consulting Engineers
_91225
245 4 _aThe ACE client guide 1999.
260 _aLondon
_bThomas Telford
_c1998
300 _a77p. ; 24cm.
350 _a30
650 _aCLIENTS
650 _aCONSTRUCTION INDUSTRY
650 _aCONSULTING ENGINEERS
650 _aINFORMATION SOURCES
650 _aPARTNERING
650 _aProcurement-old
690 _aBUILT ENVIRONMENT
942 _n0
948 _c29/10/1998
999 _c97455
_d97455